| Tag |
First Indicator |
Second Indicator |
Subfields |
| LEADER |
00000cam a22000008a 4500 |
| 001 |
in00000096689 |
| 005 |
20150924084828.0 |
| 008 |
820211s1982 caua b 00000 eng |
| 010 |
|
|
|a 82000858
|
| 020 |
|
|
|a 0803918291
|
| 020 |
|
|
|a 0803918305 (pbk.)
|
| 035 |
|
|
|a (OCoLC)08219239
|
| 035 |
|
|
|9 AAK8823AM
|
| 039 |
0 |
|
|a 2
|b 3
|c 3
|d 3
|e 3
|
| 040 |
|
|
|a DLC
|c DLC
|d TXA
|d UtOrBLW
|
| 049 |
|
|
|a TXAM
|c [1673748]
|
| 050 |
0 |
0 |
|a HD78
|b A8
|
| 082 |
0 |
|
|a 330.9/048
|2 19
|
| 245 |
0 |
0 |
|a Ascent and decline in the world system /
|c edited by Edward Friedman.
|
| 263 |
|
|
|a 8204
|
| 264 |
|
1 |
|a Beverly Hills :
|b Sage Publications,
|c [1982]
|
| 264 |
|
4 |
|c ©1982
|
| 300 |
|
|
|a 303 pages :
|b illustrations ;
|c 23 cm.
|
| 336 |
|
|
|a text
|b txt
|2 rdacontent
|
| 337 |
|
|
|a unmediated
|b n
|2 rdamedia
|
| 338 |
|
|
|a volume
|b nc
|2 rdacarrier
|
| 490 |
1 |
|
|a Political economy of the world-system annuals ;
|v v. 5
|
| 504 |
|
|
|a Includes bibliographies.
|
| 650 |
|
0 |
|a Economic development
|x History.
|
| 650 |
|
0 |
|a Economic history.
|
| 650 |
|
0 |
|a International economic relations.
|
| 650 |
|
0 |
|a Comparative economics.
|
| 700 |
1 |
|
|a Friedman, Edward.
|
| 830 |
|
0 |
|a Political economy of the world-system annuals ;
|v v. 5.
|
| 999 |
|
|
|a MARS
|
| 999 |
f |
f |
|s 5725e1eb-c5f4-3a71-b859-1980c767700a
|i d2ce51f9-3573-3b13-bf0d-d2eb3a88f350
|t 0
|
| 952 |
f |
f |
|p ric
|a Texas A&M University
|b Rellis Campus
|c Joint Library Facility
|d Remote Storage
|t 0
|e HD78 A8
|h Library of Congress classification
|i unmediated -- volume
|m A14806025835
|
| 998 |
f |
f |
|a HD78 A8
|t 0
|l Remote Storage
|